Responses for show #4720 - Friday, February 25, 2005

2005 Ultimate Tournament of Champions Round 1, game 13.

Contestants

Al Lin, a law professor from Davis, California

Leszek Pawlowicz, a computer consultant from Flagstaff, Arizona

Tad Carithers, an attorney from New York City, New York

Jeopardy! Round responses

THE U.S. PRESIDENT WHEN...
ALLISON JANNEY WAS IN THAT?
QUOTES
FRUITS & VEGETABLES
HELLO, MY DEER
DOUBLE "D"s
    $200 1
Eisenhower

Leszek
    $200 6
Primary Colors

Tad
    $200 8
religion

Tad
    $200 9
peas

Tad
    $200 14
Mary Hart

Tad
    $200 15
toddler

Leszek
    $400 2
F.D. Roosevelt

Al
    $400 7
Finding Nemo

Leszek
    $400 27
children

Triple Stumper
    $400 10
pineapple

Tad
    $400 16
stag

Tad
    $400 23
Yiddish

Leszek
    $600 3
Clinton

Tad
    $600 17
(Tad: What is Seven Days Seven Nights?)

Six Days Seven Nights

TadLeszek
    $600 28
the sublime

Tad
    $600 11
pears

Tad
    $600 19
Fawn Hall

Tad
    $600 24
address it

Leszek
    $800 4
(Tad: Who was Johnson?)

Nixon

TadAl
    $800 18
The Hours

Triple Stumper
    $800 29
a cigar

Tad
    $800 12
(Al: What is sugar?)

bananas

Al
Triple Stumper
    $800 21
(Tad: What is Molson?)

Moosehead

TadLeszek
    $800 25
eddies

Tad
    $1000 5
Carter

Tad
    $1000 20
American Beauty

Leszek
    $1000 30
ale

Al
    $1000 13
watercress

Leszek
    $1000 22
(Samuel) Doe

Tad
    $1,000 26
Middlemarch

Tad

Scores at the first commercial break (after clue 15):

Tad Leszek Al
$2,600 $1,800 $400

Scores at the end of the Jeopardy! Round:

Tad Leszek Al
$6,400 $5,200 $1,400

Double Jeopardy! Round responses

THE BRITISH MONARCH WHEN...
SONGS FROM MUSICALS
(Alex: You name the musical.)
ANTIPODEANS
FOREIGN 3-LETTER WORDS
WEST VIRGINIA
AIRPORTS
    $400 5
Elizabeth II

Leszek
    $400 22
Fiddler on the Roof

Leszek
    $400 9
Steve Irwin

Leszek
    $400 19
soy

Leszek
    $400 6
(Alex: Yes, Jay [*].)

Rockefeller

Tad
    $400 11
Denver

Al
    $800 4
George III

Tad
    $800 23
Chicago

Al
    $800 10
(Alex: [*]. Peter Garrett.)

Midnight Oil

Tad
    $800 27
cum

Al
    $800 7
(Chuck) Yeager

Leszek
    $800 12
Flamingo (Airport)

Al
    $1200 3
Henry VIII

Tad
    $1200 30
Movin' Out

Tad
    $1200 14
(Elle) Macpherson

Al
    $1200 26
tag

Al
    $1200 17
Hatfield

Tad
    $1200 13
Bradley

Leszek
    $3,000 2
(Al: Who was James I?)
(Alex: Oh, no. We thought somebody might say that. It was [*]. Hamlet in 1601.)

Elizabeth I

Al
    $1600 29
(Leszek: What is The Music Man?)
[Leszek folds forward once he realizes his mistake, before Alex gives the correct response.]

Oklahoma!

Leszek
Triple Stumper
    $1600 20
John Howard

Triple Stumper
    $1600 25
opa

Al
    $1600 18
mountaineers

Tad
    $1600 16
(Al: What is Chicago?)
...
(Alex: He gave me the city instead of the airport.)

O'Hare

TadAl
    $2000 1
Victoria

Al
    $2000 28
Paint Your Wagon

Triple Stumper
    $2000 21
(Ned) Kelly

Leszek
    $2000 24
cru

Tad
    $6,400 8
(Alex: The site of John Brown's raid. You're right.)

Harpers Ferry

Leszek
    $2000 15
Gatwick

Al

Scores at the end of the Double Jeopardy! Round:

Tad Leszek Al
$17,200 $15,600 $7,600

[wagering suggestions for these scores]

Final Jeopardy! Round responses

WOOD
AlWhat is the crossbow
$4,399
LeszekWhat is the longbow?
$1,601
TadWhat is a Longbow?
$14,100
the longbow

Final scores:

Tad Leszek Al
$31,300 $17,201 $3,201
Winner: $31,300 + an advance to UToC Round 2 2nd place: $5,000 3rd place: $5,000

Game dynamics:

Coryat scores:

Tad Leszek Al
$17,200 $11,200 $10,600
24 R
(including 1 DD),
3 W
17 R
(including 1 DD),
1 W
12 R,
3 W
(including 1 DD)

Combined Coryat: $39,000

The J! Archive is created by fans, for fans. The Jeopardy! game show and all elements thereof, including but not limited to copyright and trademark thereto, are the property of Jeopardy Productions, Inc. and are protected under law. This website is not affiliated with, sponsored by, or operated by Jeopardy Productions, Inc. Join the discussion at JBoard.tv.